[Event "Rated Blitz game"]
[Site "?"]
[Date "2021.03.12"]
[Round "?"]
[White "james-cook1"]
[Black "Capitan-FE"]
[Result "0-1"]
[WhiteElo "2230"]
[BlackElo "2410"]
[PlyCount "70"]
[EventDate "2021.??.??"]
[EventType "blitz"]

1. e4 e5 2. Nf3 d5 3. Bb5+ c6 4. Bd3 dxe4 5. Bxe4 Nf6 6. Qe2 Nbd7 7. O-O Bd6 8.
c3 Nxe4 9. Qxe4 Nf6 10. Qh4 h6 11. d4 e4 12. Re1 Bf5 13. Ne5 Nd7 14. Qf4 Bg6
15. Rxe4 Bxe5 16. Rxe5+ Nxe5 17. Qxe5+ Kf8 18. b3 Kg8 19. Ba3 Kh7 20. Nd2 Re8
21. Qf4 Qg5 22. Qxg5 hxg5 23. Nf3 f6 24. h3 Re2 25. Bd6 a5 26. c4 a4 27. b4 a3
28. d5 cxd5 29. cxd5 Rd8 30. Bc5 Rxd5 31. Kf1 Rb2 32. Bd4 Rxb4 33. Bc3 Rb1+ 34.
Rxb1 Bxb1 35. Ke2 Bxa2 {Normal} 0-1

[Event "Rated Blitz game"]
[Site "?"]
[Date "2021.03.12"]
[Round "?"]
[White "mohammedarrami"]
[Black "KamranShirazi"]
[Result "1-0"]
[WhiteElo "2596"]
[BlackElo "2537"]
[PlyCount "51"]
[EventDate "2021.??.??"]
[EventType "blitz"]

1. e4 e5 2. Nf3 d5 3. exd5 e4 4. Qe2 Nf6 5. Nc3 Be7 6. Nxe4 Nxd5 7. d3 O-O 8.
Qd1 f5 9. Ng3 Nc6 10. Be2 Bd6 11. O-O Nf4 12. Bxf4 Bxf4 13. d4 Bd6 14. c4 b6
15. a3 a5 16. c5 bxc5 17. dxc5 Bxc5 18. Qc2 Qe7 19. Rac1 Nd4 20. Nxd4 Bb6 21.
Ngxf5 Bxf5 22. Nxf5 Rxf5 23. Bc4+ Rf7 24. Qf5 Raf8 25. Rce1 Qd6 26. Bxf7+ {
Normal} 1-0

[Event "Rated Blitz game"]
[Site "?"]
[Date "2021.03.12"]
[Round "?"]
[White "ArnieChipmunk"]
[Black "DrHerbst"]
[Result "1-0"]
[WhiteElo "2433"]
[BlackElo "2319"]
[PlyCount "125"]
[EventDate "2021.??.??"]
[EventType "blitz"]

1. e4 e5 2. Nf3 d5 3. exd5 e4 4. Qe2 Qe7 5. Nd4 Nf6 6. Nc3 Nbd7 7. d3 Qb4 8.
Ndb5 Bd6 9. Nxd6+ cxd6 10. dxe4 O-O 11. Qc4 Qxc4 12. Bxc4 Nxe4 13. Nxe4 Re8 14.
Bd3 Nc5 15. O-O Nxe4 16. Bf4 Bf5 17. Rfe1 Rad8 18. f3 Nf6 19. Bxf5 Nxd5 20.
Bxd6 Rxe1+ 21. Rxe1 g6 22. Be4 Rxd6 23. Rd1 Rb6 24. Rxd5 Rxb2 25. Rd8+ Kg7 26.
Rd7 Rxa2 27. Bd5 Rxc2 28. Rxb7 a5 29. Rxf7+ Kh6 30. Ra7 Rd2 31. Bg8 Rd1+ 32.
Kf2 Ra1 33. h4 g5 34. Rxh7+ Kg6 35. h5+ Kf6 36. Rf7+ Ke5 37. h6 a4 38. h7 Rh1
39. Ra7 g4 40. Ra5+ Kf4 41. Rxa4+ Kf5 42. Rxg4 Kf6 43. Ra4 Kg7 44. Bc4 Kh8 45.
Bd3 Kg7 46. Ra8 Rxh7 47. Ra7+ Kh6 48. Rxh7+ Kg5 49. Rg7+ Kf4 50. Rf7+ Ke5 51.
f4+ Ke6 52. Bc4+ Kd6 53. f5 Kc5 54. Rc7+ Kd4 55. Rd7+ Ke5 56. Re7+ Kf6 57. Re6+
Kg5 58. Rg6+ Kf4 59. f6 Ke5 60. f7 Kd4 61. f8=Q Kxc4 62. Rc6+ Kd3 63. Qf3+ {
Time forfeit} 1-0

[Event "Rated Blitz game"]
[Site "?"]
[Date "2021.03.12"]
[Round "?"]
[White "GoughPhar"]
[Black "Blind2250"]
[Result "0-1"]
[WhiteElo "2332"]
[BlackElo "2419"]
[PlyCount "58"]
[EventDate "2021.??.??"]
[EventType "blitz"]

1. e4 e5 2. Nf3 d5 3. exd5 e4 4. Qe2 Nf6 5. Nc3 Qe7 6. Nd4 Qe5 7. Nf3 Qe7 8.
Nd4 Qe5 9. Ndb5 a6 10. d4 Qe7 11. Bf4 axb5 12. Nxb5 Na6 13. d6 Qd7 14. f3 Bxd6
15. Nxd6+ cxd6 16. fxe4 O-O 17. h3 Nxe4 18. Qxe4 Re8 19. Be5 dxe5 20. Bd3 f5
21. Qh4 exd4+ 22. Kd2 Nc5 23. Bc4+ Kh8 24. Rae1 Ne4+ 25. Kc1 Qc6 26. Bb3 Be6
27. Bxe6 Qxe6 28. b3 Qd6 29. Rhf1 d3 {Normal} 0-1

[Event "Rated Blitz game"]
[Site "?"]
[Date "2021.03.12"]
[Round "?"]
[White "grandmaster0717"]
[Black "Blind2250"]
[Result "1-0"]
[WhiteElo "2324"]
[BlackElo "2406"]
[PlyCount "65"]
[EventDate "2021.??.??"]
[EventType "blitz"]

1. e4 e5 2. Nf3 d5 3. exd5 e4 4. Qe2 Nf6 5. Nc3 Qe7 6. Nd4 Qe5 7. Ndb5 a6 8. d4
Qe7 9. Na3 b5 10. Nab1 b4 11. Na4 Nxd5 12. c4 Nb6 13. Nxb6 cxb6 14. g3 Bb7 15.
Bg2 Nd7 16. O-O f5 17. Bf4 Nf6 18. Nd2 Qd7 19. Be5 Be7 20. f3 exf3 21. Bxf3 O-O
22. Bxb7 Qxb7 23. Rxf5 Nd7 24. Rxf8+ Bxf8 25. Nf3 Nxe5 26. Nxe5 Re8 27. Rf1 Bd6
28. Qh5 Qe7 29. Re1 Rf8 30. Nf3 Qf6 31. Kg2 g6 32. Qd5+ Kg7 33. Re6 {Normal}
1-0

[Event "Rated Blitz game"]
[Site "?"]
[Date "2021.03.12"]
[Round "?"]
[White "farrookh"]
[Black "KamranShirazi"]
[Result "1-0"]
[WhiteElo "2410"]
[BlackElo "2532"]
[PlyCount "79"]
[EventDate "2021.??.??"]
[EventType "blitz"]

1. e4 e5 2. Nf3 d5 3. Nxe5 Bd6 4. d4 dxe4 5. Nc4 Nc6 6. Nc3 Bb4 7. d5 Nce7 8.
Ne3 Nf6 9. Bc4 c6 10. dxc6 Qxd1+ 11. Nexd1 Nxc6 12. Bg5 Ne5 13. Bb5+ Bd7 14.
Bxd7+ Nfxd7 15. O-O f5 16. Nd5 Bd6 17. N1e3 g6 18. Rad1 Bb8 19. Nf6+ Nxf6 20.
Bxf6 O-O 21. Bg5 Bc7 22. Nd5 Rf7 23. Bf4 Re8 24. Nxc7 Rxc7 25. Rd5 Rce7 26. b3
Nc6 27. Rfd1 Nb4 28. Rc5 Nxa2 29. Bg5 Rf7 30. c3 e3 31. Bxe3 f4 32. Bd4 b6 33.
Rc6 Rfe7 34. h3 Re1+ 35. Rxe1 Rxe1+ 36. Kh2 Rb1 37. b4 a5 38. bxa5 bxa5 39. Rc7
f3 40. gxf3 {Time forfeit} 1-0

[Event "Rated Blitz tournament VAhVbuCO"]
[Site "?"]
[Date "2021.03.12"]
[Round "?"]
[White "emiliofelixramirez"]
[Black "cuerosky"]
[Result "1-0"]
[WhiteElo "2436"]
[BlackElo "2245"]
[PlyCount "63"]
[EventDate "2021.??.??"]
[EventType "blitz"]

1. e4 e5 2. Nf3 d5 3. exd5 e4 4. Qe2 Nf6 5. d3 Bb4+ 6. c3 O-O 7. dxe4 Bd6 8.
Nfd2 Re8 9. Qd3 c6 10. dxc6 Nxc6 11. f3 Ne5 12. Qe2 Qc7 13. Na3 a6 14. Nac4 Bc5
15. Nxe5 Qxe5 16. Nb3 Ba7 17. Be3 b6 18. O-O-O Be6 19. Kb1 a5 20. Qc2 a4 21.
Nd4 Bd7 22. Bc4 Rec8 23. Bd3 b5 24. f4 Qc7 25. e5 Nd5 26. Bd2 a3 27. Bxh7+ Kh8
28. Be4 Qc5 29. Nb3 Qc6 30. Qd3 Be6 31. f5 Rd8 32. fxe6 {Normal} 1-0

[Event "Rated Blitz game"]
[Site "?"]
[Date "2021.03.12"]
[Round "?"]
[White "AndreiSav"]
[Black "KamranShirazi"]
[Result "0-1"]
[WhiteElo "2520"]
[BlackElo "2527"]
[PlyCount "82"]
[EventDate "2021.??.??"]
[EventType "blitz"]

1. e4 e5 2. Nf3 d5 3. d3 dxe4 4. dxe4 Qxd1+ 5. Kxd1 Nc6 6. Bb5 Bd7 7. c3 O-O-O
8. Ke2 f5 9. Bxc6 Bxc6 10. Nxe5 Re8 11. Nxc6 Rxe4+ 12. Be3 bxc6 13. Nd2 Re6 14.
Kf3 Nf6 15. Rhe1 a6 16. Bd4 Rd6 17. Nc4 Rd8 18. Re6 Ne4 19. Rxc6 Kb7 20. Na5+
Kb8 21. Rxa6 Rxd4 22. cxd4 Bd6 23. Rc1 Re8 24. Nc6+ Kb7 25. Ra7+ Kb6 26. g3
Nd2+ 27. Kg2 f4 28. a4 f3+ 29. Kh3 Ne4 30. a5+ Kb5 31. Rc2 h5 32. Rb7+ Ka6 33.
Rb3 g5 34. g4 Nf6 35. gxh5 Rh8 36. Rxf3 g4+ 37. Kg2 gxf3+ 38. Kxf3 Rxh5 39. b4
Nd5 40. Kg2 Nf4+ 41. Kf3 Ne6 {Time forfeit} 0-1

[Event "Rated Blitz game"]
[Site "?"]
[Date "2021.03.12"]
[Round "?"]
[White "minecraft_storify"]
[Black "imanplayer2006"]
[Result "0-1"]
[WhiteElo "2431"]
[BlackElo "2287"]
[PlyCount "76"]
[EventDate "2021.??.??"]
[EventType "blitz"]

1. e4 e5 2. Nf3 d5 3. Nxe5 Nc6 4. Bb5 Nge7 5. d4 a6 6. Bxc6+ Nxc6 7. Nxc6 bxc6
8. e5 c5 9. c3 cxd4 10. cxd4 c5 11. O-O Be6 12. Nc3 Be7 13. f4 cxd4 14. Qxd4
Rc8 15. Qa4+ Bd7 16. Qxa6 d4 17. Nd5 O-O 18. Nxe7+ Qxe7 19. Kh1 Bf5 20. a3 Rc2
21. Rd1 Qh4 22. Qf1 Rf2 23. Qg1 Be4 24. Bd2 h5 25. Be1 Rxg2 26. Bxh4 Rxb2+ 27.
Qg2 Rxg2 28. Rxd4 Ba8 29. Ra4 Ra2+ 30. Rxa8 Rxa1+ 31. Kg2 Rxa8 32. Bg5 R8xa3
33. f5 R1a2+ 34. Kg1 Rf3 35. e6 fxe6 36. fxe6 Rb3 37. Bc1 Rb1 38. e7 Rxc1# {
Normal} 0-1

[Event "Rated Blitz game"]
[Site "?"]
[Date "2021.03.11"]
[Round "?"]
[White "sashadav"]
[Black "Roberto_Baggio1978"]
[Result "1-0"]
[WhiteElo "2542"]
[BlackElo "2513"]
[PlyCount "71"]
[EventDate "2021.??.??"]
[EventType "blitz"]

1. e4 e5 2. Nf3 d5 3. exd5 e4 4. Qe2 Nf6 5. Nc3 Be7 6. Nxe4 O-O 7. Nxf6+ Bxf6
8. d4 Re8 9. Be3 Qxd5 10. c3 b6 11. Qd2 Bb7 12. Be2 Nd7 13. O-O Rad8 14. h3 Nf8
15. c4 Qd7 16. Rad1 Ng6 17. d5 c6 18. d6 c5 19. Qc2 Be4 20. Qc1 Qc6 21. Bf4
Bxb2 22. Qd2 Bc3 23. Qc1 Qa4 24. Bg3 Bc2 25. Rd2 Bxd2 26. Qxd2 Be4 27. h4 f6
28. h5 Ne5 29. Nxe5 fxe5 30. f4 exf4 31. Qxf4 Qc6 32. Qf7+ Kh8 33. Be5 Rg8 34.
h6 Rd7 35. hxg7+ Rxg7 36. Bxg7# {Normal} 1-0

[Event "Rated Rapid game"]
[Site "?"]
[Date "2021.03.11"]
[Round "?"]
[White "krequs"]
[Black "giorgi3333"]
[Result "1/2-1/2"]
[WhiteElo "2217"]
[BlackElo "2550"]
[PlyCount "118"]
[EventDate "2021.??.??"]
[EventType "rapid"]

1. e4 e5 2. Nf3 d5 3. Nxe5 dxe4 4. Nc3 Bf5 5. Bc4 Nh6 6. d3 Bd6 7. dxe4 Bxe5 8.
Qxd8+ Kxd8 9. exf5 Nxf5 10. Bxf7 h6 11. Bd2 Ke7 12. Bg6 Nh4 13. Be4 Nd7 14. Be3
Nf6 15. Bxb7 Rab8 16. Bc6 Rxb2 17. Nd1 Rxc2 18. Rc1 Nxg2+ 19. Bxg2 Rxc1 20.
Bxc1 Ng4 21. h3 Nf6 22. O-O Kf7 23. Ne3 Rb8 24. Nd5 c5 25. Nxf6 Kxf6 26. Be3
Bd4 27. Bd5 Bxe3 28. fxe3+ Ke5 29. e4 Rc8 30. Kf2 Rf8+ 31. Ke2 Rxf1 32. Kxf1 g5
33. Ke2 Kd4 34. Kd2 h5 35. Ke2 g4 36. hxg4 hxg4 37. Kf2 c4 38. Kg3 c3 39. Bb3
Kxe4 40. Bc2+ Ke3 41. Kxg4 a5 42. a4 Kd2 43. Bb3 c2 44. Bxc2 Kxc2 45. Kf3 Kb3
46. Ke3 Kxa4 47. Kd2 Kb3 48. Kc1 Ka2 49. Kc2 Ka3 50. Kb1 a4 51. Ka1 Kb3 52. Kb1
a3 53. Ka1 Kb4 54. Ka2 Ka4 55. Ka1 Kb4 56. Ka2 Ka4 57. Ka1 Kb3 58. Kb1 Kc4 59.
Ka1 Kb4 {Normal} 1/2-1/2

[Event "Rated Blitz game"]
[Site "?"]
[Date "2021.03.11"]
[Round "?"]
[White "Alejandropacheco29"]
[Black "MN_Supariyono"]
[Result "0-1"]
[WhiteElo "2420"]
[BlackElo "2394"]
[PlyCount "66"]
[EventDate "2021.??.??"]
[EventType "blitz"]

1. e4 e5 2. Nf3 d5 3. exd5 e4 4. Qe2 Nf6 5. d3 Bb4+ 6. c3 O-O 7. dxe4 Bc5 8.
Nbd2 Nxd5 9. exd5 Re8 10. Ne4 f5 11. Nfd2 fxe4 12. Qc4 Bxf2+ 13. Kxf2 e3+ 14.
Kg1 exd2 15. Bxd2 Nd7 16. d6+ Kh8 17. dxc7 Qf6 18. Qd4 Ne5 19. Bf4 Bh3 20. Bxe5
Rxe5 21. gxh3 Rf8 22. Bg2 Qg5 23. h4 Qe7 24. h3 Qxc7 25. Rf1 Rd8 26. Qf4 Qb6+
27. Qf2 Qd6 28. Qf4 Qc5+ 29. Rf2 Re2 30. b4 Qb6 31. Bf1 Re6 32. Qf8+ Rxf8 33.
Rhh2 Ref6 {Normal} 0-1

[Event "Rated Blitz tournament F55mdqFf"]
[Site "?"]
[Date "2021.03.11"]
[Round "?"]
[White "Lex6699"]
[Black "Maltinho"]
[Result "1-0"]
[WhiteElo "2325"]
[BlackElo "2488"]
[PlyCount "67"]
[EventDate "2021.??.??"]
[EventType "blitz"]

1. e4 e5 2. Nf3 d5 3. exd5 Bd6 4. Nc3 f5 5. d4 e4 6. Ne5 Nf6 7. Bb5+ Nbd7 8.
Bf4 O-O 9. Qd2 Qe7 10. Nxd7 Bxd7 11. Bxd6 Qxd6 12. Bc4 a6 13. a3 f4 14. O-O f3
15. g3 Kh8 16. Rfe1 Rae8 17. Qg5 Bh3 18. Qh4 Bf5 19. h3 Rg8 20. g4 Bg6 21. Re3
Qf4 22. Qg3 Qg5 23. Rae1 h5 24. gxh5 Qxh5 25. d6 Rgf8 26. dxc7 Qh6 27. Qd6 Nh5
28. Rxe4 Qg5+ 29. Rg4 Rxe1+ 30. Kh2 Qf5 31. Qxg6 Qxg6 32. Rxg6 Nf4 33. Rg4 Ne2
34. Rh4# {Normal} 1-0

[Event "Rated Blitz game"]
[Site "?"]
[Date "2021.03.11"]
[Round "?"]
[White "LondonHasFallen"]
[Black "Dzon_Vejn"]
[Result "1-0"]
[WhiteElo "2351"]
[BlackElo "2407"]
[PlyCount "103"]
[EventDate "2021.??.??"]
[EventType "blitz"]

1. e4 e5 2. Nf3 d5 3. exd5 e4 4. Nd4 Qxd5 5. Nb3 Nc6 6. Nc3 Qe5 7. Bb5 Bd6 8.
Qe2 Nf6 9. d4 exd3 10. Qxe5+ Bxe5 11. Bxd3 Bg4 12. Be3 O-O-O 13. f3 Bh5 14.
O-O-O Bg6 15. Bxg6 hxg6 16. Nc5 Rxd1+ 17. Rxd1 Rxh2 18. N3e4 Nxe4 19. Nxe4 Rxg2
20. Ng5 f6 21. Ne6 Re2 22. Rd3 b6 23. Kd1 Rg2 24. Nxg7 Nb4 25. Ra3 Nxc2 26. Rd3
Nxe3+ 27. Rxe3 Rxb2 28. Ne6 Rxa2 29. f4 Bd6 30. Rg3 g5 31. Rg4 gxf4 32. Nxf4
Bxf4 33. Rxf4 Kb7 34. Rxf6 Rh2 35. Kc1 a5 36. Rf4 c5 37. Kb1 Ka6 38. Kc1 Kb5
39. Kb1 a4 40. Ka1 c4 41. Rf3 Kb4 42. Rf2 b5 43. Rxh2 a3 44. Ka2 Ka4 45. Rh4
Kb4 46. Rg4 Ka4 47. Re4 Kb4 48. Re8 Kc3 49. Re3+ Kc2 50. Kxa3 c3 51. Kb4 Kb2
52. Rxc3 {Normal} 1-0

[Event "Rated Blitz game"]
[Site "?"]
[Date "2021.03.11"]
[Round "?"]
[White "TheBigGreek"]
[Black "Chesspirate_Channel"]
[Result "0-1"]
[WhiteElo "2557"]
[BlackElo "2382"]
[PlyCount "58"]
[EventDate "2021.??.??"]
[EventType "blitz"]

1. e4 e5 2. Nf3 d5 3. exd5 e4 4. Qe2 Nf6 5. d3 Be7 6. dxe4 O-O 7. Nbd2 c6 8. c4
Re8 9. Qd1 Bb4 10. Bd3 cxd5 11. cxd5 Nxd5 12. O-O Ne3 13. Qe2 Nxf1 14. Nxf1 h6
15. h3 Nc6 16. Ng3 Qb6 17. Be3 Bc5 18. Bf4 Nd4 19. Nxd4 Bxd4 20. Rb1 Be6 21. b3
Rac8 22. e5 g5 23. Bd2 Red8 24. Nh5 Bxf2+ 25. Kh1 Qd4 26. Nf6+ Kf8 27. Rd1 Bg3
28. Nh7+ Kg7 29. Bb1 Qxd2 {Normal} 0-1

[Event "Rated Blitz game"]
[Site "?"]
[Date "2021.03.11"]
[Round "?"]
[White "Mykingislonely"]
[Black "Chesspirate_Channel"]
[Result "1-0"]
[WhiteElo "2521"]
[BlackElo "2388"]
[PlyCount "35"]
[EventDate "2021.??.??"]
[EventType "blitz"]

1. e4 e5 2. Nf3 d5 3. exd5 e4 4. Qe2 Nf6 5. Nc3 Be7 6. Nxe4 O-O 7. d3 Nxd5 8.
Bd2 f5 9. Nc3 Bf6 10. Qd1 Nxc3 11. Bxc3 Re8+ 12. Be2 Bxc3+ 13. bxc3 Qe7 14. Qd2
Bd7 15. Kf1 Nc6 16. d4 Rad8 17. Re1 h6 18. Bc4+ {Normal} 1-0

[Event "Rated Blitz game"]
[Site "?"]
[Date "2021.03.11"]
[Round "?"]
[White "girafik"]
[Black "Roberto_Baggio1978"]
[Result "0-1"]
[WhiteElo "2472"]
[BlackElo "2500"]
[PlyCount "29"]
[EventDate "2021.??.??"]
[EventType "blitz"]

1. e4 e5 2. Nf3 d5 3. Nxe5 Bd6 4. d4 dxe4 5. Nc4 Nf6 6. Nc3 Nc6 7. Be2 Bf5 8.
h4 h6 9. g4 Be6 10. g5 hxg5 11. Bxg5 Be7 12. Be3 Nd5 13. Nxe4 Nxe3 14. fxe3
Rxh4 15. O-O {Normal} 0-1

[Event "Rated Blitz game"]
[Site "?"]
[Date "2021.03.11"]
[Round "?"]
[White "Nikdoisnicnetusitxd"]
[Black "FTR_BBC"]
[Result "1-0"]
[WhiteElo "2485"]
[BlackElo "2408"]
[PlyCount "157"]
[EventDate "2021.??.??"]
[EventType "blitz"]

1. e4 e5 2. Nf3 d5 3. exd5 e4 4. Nd4 Qxd5 5. Nb3 Nf6 6. Nc3 Qd8 7. d4 Be7 8.
Be2 O-O 9. O-O h6 10. Bf4 Bf5 11. Qd2 c6 12. Rad1 b5 13. Rfe1 a5 14. a4 b4 15.
Na2 Nbd7 16. Bg3 Nd5 17. c4 Bg5 18. Qc2 Ne7 19. Nac1 e3 20. Bd3 exf2+ 21. Qxf2
Bxd3 22. Nxd3 Ng6 23. Ndc5 Be7 24. Nb7 Qc8 25. Nd6 Bxd6 26. Bxd6 Re8 27. c5 Nf6
28. Nd2 Qg4 29. h3 Qd7 30. Nc4 Nd5 31. Qg3 Kh7 32. h4 h5 33. Qg5 Qg4 34. Qxg4
hxg4 35. Ne5 f6 36. Nxg4 Nxh4 37. Nf2 Ne3 38. Rd3 Nexg2 39. Red1 Re3 40. Ng4
Re1+ 41. Kf2 Rae8 42. Rxe1 Nxe1 43. Rh3 Nef3 44. Rxf3 Nxf3 45. Kxf3 Kg6 46. Ne3
Kf7 47. Kf4 Rh8 48. d5 Rh3 49. dxc6 g5+ 50. Ke4 Ke6 51. c7 Rh8 52. Nf5 Rc8 53.
Nd4+ Kd7 54. Nb5 Re8+ 55. Kf5 Kc6 56. Na7+ Kd7 57. c8=Q+ Rxc8 58. Nxc8 Kxc8 59.
Kxf6 g4 60. Kf5 g3 61. Bxg3 Kd7 62. Bd6 Kc6 63. Ke4 b3 64. Kd4 Kb7 65. Kc4 Ka6
66. Kxb3 Kb7 67. Kc4 Kc6 68. b4 Kb7 69. b5 Ka7 70. Kd5 Ka8 71. Ke6 Kb7 72. Kd7
Ka7 73. c6 Ka8 74. c7 Ka7 75. c8=Q Kb6 76. Qc6+ Ka7 77. Bc5+ Kb8 78. Qc7+ Ka8
79. Qc8# {Normal} 1-0

[Event "Rated Blitz game"]
[Site "?"]
[Date "2021.03.11"]
[Round "?"]
[White "Roboticus"]
[Black "Chesspirate_Channel"]
[Result "0-1"]
[WhiteElo "2416"]
[BlackElo "2369"]
[PlyCount "28"]
[EventDate "2021.??.??"]
[EventType "blitz"]

1. e4 e5 2. Nf3 d5 3. exd5 e4 4. Qe2 Nf6 5. d3 Be7 6. dxe4 O-O 7. Nc3 Re8 8.
Be3 Bb4 9. Nd2 c6 10. O-O-O Bxc3 11. bxc3 Qa5 12. Nc4 Qxa2 13. f3 cxd5 14. Nd6
Qa3+ {Normal} 0-1

[Event "Rated Blitz game"]
[Site "?"]
[Date "2021.03.11"]
[Round "?"]
[White "SergTheGreat"]
[Black "Dzon_Vejn"]
[Result "0-1"]
[WhiteElo "2313"]
[BlackElo "2401"]
[PlyCount "46"]
[EventDate "2021.??.??"]
[EventType "blitz"]

1. e4 e5 2. Nf3 d5 3. Nxe5 Bd6 4. d4 dxe4 5. Nc4 Be7 6. Be2 Nf6 7. O-O O-O 8.
Nc3 Bf5 9. Be3 Nc6 10. d5 Nb4 11. g4 Bg6 12. h4 h6 13. h5 Bh7 14. Bd4 Nbxd5 15.
Qd2 Qd7 16. Nxd5 Nxd5 17. Rad1 Bg5 18. Ne5 Qe6 19. Qa5 b6 20. Qa3 c5 21. c4 Nf4
22. Rfe1 Nxe2+ 23. Rxe2 cxd4 {Normal} 0-1

[Event "Rated Blitz game"]
[Site "?"]
[Date "2021.03.11"]
[Round "?"]
[White "legato"]
[Black "Roberto_Baggio1978"]
[Result "0-1"]
[WhiteElo "2432"]
[BlackElo "2513"]
[PlyCount "60"]
[EventDate "2021.??.??"]
[EventType "blitz"]

1. e4 e5 2. Nf3 d5 3. exd5 e4 4. Qe2 Nf6 5. d3 Qxd5 6. Nbd2 Nc6 7. Nxe4 Be6 8.
Nxf6+ gxf6 9. Qd1 Rg8 10. g3 O-O-O 11. Bg2 Qh5 12. Be3 Kb8 13. Qe2 Nb4 14. a3
Nd5 15. O-O-O f5 16. Kb1 f4 17. Bd2 Bg7 18. d4 Rge8 19. Qd3 Bf5 20. Qb3 Be4 21.
Rhe1 f5 22. Ka1 Re6 23. c4 Rb6 24. Qa4 Bxf3 25. Bxf3 Qxf3 26. cxd5 fxg3 27. Qd7
Bf6 28. Re8 Rd6 29. Rxd8+ Bxd8 30. Qxh7 Qxd1+ {Normal} 0-1

[Event "Rated Blitz game"]
[Site "?"]
[Date "2021.03.11"]
[Round "?"]
[White "GreatestShowman5"]
[Black "blastol"]
[Result "1-0"]
[WhiteElo "2425"]
[BlackElo "2413"]
[PlyCount "65"]
[EventDate "2021.??.??"]
[EventType "blitz"]

1. e4 e5 2. Nf3 d5 3. exd5 Bd6 4. Nc3 Nf6 5. d3 h6 6. Be2 O-O 7. O-O c6 8. dxc6
Nxc6 9. Be3 Be6 10. h3 Nd5 11. Nxd5 Bxd5 12. d4 e4 13. Nd2 f5 14. c4 Bf7 15. d5
Ne5 16. c5 Bb8 17. d6 Ng6 18. Bc4 f4 19. Bd4 f3 20. g3 Qg5 21. Nxe4 Qf5 22.
Bxf7+ Rxf7 23. Nd2 Qxh3 24. Nxf3 Nf4 25. gxf4 Rxf4 26. Nh2 Rh4 27. Be5 Bxd6 28.
cxd6 Rf8 29. d7 Rh5 30. d8=Q Rxe5 31. Qxf8+ Kxf8 32. Qd6+ Re7 33. Rae1 {Normal}
1-0

[Event "Rated Blitz game"]
[Site "?"]
[Date "2021.03.11"]
[Round "?"]
[White "SergTheGreat"]
[Black "Dzon_Vejn"]
[Result "1-0"]
[WhiteElo "2304"]
[BlackElo "2410"]
[PlyCount "45"]
[EventDate "2021.??.??"]
[EventType "blitz"]

1. e4 e5 2. Nf3 d5 3. Nxe5 Bd6 4. d4 dxe4 5. Nc4 Nf6 6. Nxd6+ Qxd6 7. Be2 O-O
8. Be3 Bf5 9. O-O Nc6 10. c4 Rad8 11. d5 Ne5 12. Nc3 Nd3 13. Bxd3 exd3 14. h3
a6 15. Qf3 Bg6 16. c5 Qd7 17. Bg5 Qf5 18. Qxf5 Bxf5 19. g4 Bg6 20. f4 Nxd5 21.
Bxd8 Nxc3 22. bxc3 Rxd8 23. f5 {Normal} 1-0

[Event "Rated Blitz game"]
[Site "?"]
[Date "2021.03.11"]
[Round "?"]
[White "behroozbagheri1359"]
[Black "zavareh1351109"]
[Result "0-1"]
[WhiteElo "2406"]
[BlackElo "2216"]
[PlyCount "76"]
[EventDate "2021.??.??"]
[EventType "blitz"]

1. e4 e5 2. Nf3 d5 3. exd5 Bd6 4. d3 f5 5. Be2 Nf6 6. c4 Na6 7. Nc3 O-O 8. O-O
Qe8 9. Nb5 Bc5 10. Nxe5 Qxe5 11. d4 Qe7 12. dxc5 Qxc5 13. Be3 Qe7 14. Nxa7 Ne4
15. Nb5 f4 16. Bd4 Ng5 17. Bf3 Nxf3+ 18. Qxf3 Qg5 19. h3 Bd7 20. Nc3 Rae8 21.
Rfe1 Nb4 22. Ne4 Qg6 23. Nc5 Nc2 24. Rxe8 Rxe8 25. Rd1 Nxd4 26. Rxd4 Re1+ 27.
Kh2 Qb1 28. Rxf4 Rh1+ 29. Kg3 Qg6+ 30. Rg4 Bxg4 31. hxg4 Qd6+ 32. Qf4 Qxc5 33.
b3 Qd6 34. Qxd6 cxd6 35. Kf4 Ra1 36. b4 Rxa2 37. c5 Kf7 38. c6 Rb2 {Normal} 0-1

[Event "Rated Blitz tournament F55mdqFf"]
[Site "?"]
[Date "2021.03.11"]
[Round "?"]
[White "Balendin64"]
[Black "Maltinho"]
[Result "0-1"]
[WhiteElo "2264"]
[BlackElo "2480"]
[PlyCount "86"]
[EventDate "2021.??.??"]
[EventType "blitz"]

1. e4 e5 2. Nf3 d5 3. exd5 Bd6 4. Nc3 f5 5. d4 e4 6. Ne5 Nf6 7. Be2 O-O 8. O-O
Nbd7 9. Bf4 Qe7 10. Nxd7 Bxd7 11. Bxd6 Qxd6 12. Bc4 a6 13. a4 f4 14. f3 e3 15.
Qe2 Rae8 16. Ne4 Nxe4 17. fxe4 Rxe4 18. Bd3 Rxd4 19. c3 Rxa4 20. Rxa4 Bxa4 21.
Qh5 g6 22. Qg5 Bb5 23. c4 Be8 24. h4 Qf6 25. Qg4 h5 26. Qf3 Qxh4 27. Qe4 Qf6
28. c5 Bd7 29. b4 Kg7 30. Qc4 Bg4 31. Be2 Bxe2 32. Qxe2 Qe5 33. Qf3 Rf5 34. Re1
Qxd5 35. Qd1 g5 36. Qa1+ Qe5 37. Qa5 f3 38. gxf3 Rxf3 39. Qa1 Qxa1 40. Rxa1 e2
41. Re1 Rf1+ 42. Rxf1 exf1=Q+ 43. Kxf1 c6 {Normal} 0-1

[Event "Rated Blitz game"]
[Site "?"]
[Date "2021.03.11"]
[Round "?"]
[White "Salihucucu1903"]
[Black "annaly1979"]
[Result "1-0"]
[WhiteElo "2269"]
[BlackElo "2405"]
[PlyCount "145"]
[EventDate "2021.??.??"]
[EventType "blitz"]

1. e4 e5 2. Nf3 d5 3. Nxe5 Qe7 4. d4 f6 5. Nf3 dxe4 6. Nfd2 f5 7. c4 Nf6 8. Nc3
Nc6 9. Nb3 Qf7 10. Bg5 Be7 11. Bxf6 Bxf6 12. Nd5 O-O 13. Be2 Ne7 14. Nxc7 Rb8
15. Nb5 Nc6 16. Nd6 Qg6 17. g3 Bd7 18. Nc5 Bxd4 19. Nxd7 Qxd6 20. Nxf8 Rxf8 21.
Qb3 Na5 22. Qb5 Nc6 23. Qd5+ Qxd5 24. cxd5 Nb4 25. O-O Rd8 26. a3 Nxd5 27. Rad1
Nf6 28. Rd2 e3 29. Rd3 exf2+ 30. Kg2 Bb6 31. Rxd8+ Bxd8 32. Rxf2 g6 33. Bc4+
Kg7 34. Rd2 Bc7 35. Bd5 b6 36. Rc2 Be5 37. Bf3 g5 38. b3 g4 39. Bc6 h5 40. a4
f4 41. gxf4 Bxf4 42. b4 Bd6 43. Rc4 Kg6 44. a5 Kf5 45. axb6 axb6 46. Ba8 Ke5
47. b5 Bc5 48. Rc2 Nd5 49. Re2+ Ne3+ 50. Kg3 Kf5 51. Kh4 Kg6 52. Be4+ Kh6 53.
Rd2 Be7+ 54. Kg3 Bc5 55. Rd7 Kg5 56. Rg7+ Kf6 57. Rg6+ Ke5 58. Rg5+ Kxe4 59.
Rxh5 Bd6+ 60. Kh4 Ng2+ 61. Kg5 Ne3 62. Rh7 Bf4+ 63. Kg6 g3 64. Rh8 gxh2 65.
Re8+ Kf3 66. Rh8 Bg3 67. Rh3 Kg2 68. Rh6 h1=Q 69. Rxh1 Kxh1 70. Kf6 Kg2 71. Ke6
Bf2 72. Kd7 Ng4 73. Kc6 {Time forfeit} 1-0

[Event "Rated Blitz game"]
[Site "?"]
[Date "2021.03.11"]
[Round "?"]
[White "SoyNovato1998"]
[Black "Schachelite"]
[Result "1-0"]
[WhiteElo "2389"]
[BlackElo "2434"]
[PlyCount "119"]
[EventDate "2021.??.??"]
[EventType "blitz"]

1. e4 e5 2. Nf3 d5 3. Nxe5 Bd6 4. d4 dxe4 5. Nc3 Nf6 6. Bc4 O-O 7. Bg5 Nbd7 8.
Nd5 Nxe5 9. dxe5 Bxe5 10. Nxf6+ Bxf6 11. Qxd8 Bxd8 12. Bf4 c6 13. O-O-O Re8 14.
Rhe1 Bb6 15. f3 Bf5 16. fxe4 Bxe4 17. Rd7 Bd5 18. Rxe8+ Rxe8 19. Bxd5 cxd5 20.
Rxd5 Re2 21. Rd7 Rxg2 22. Rxb7 g5 23. Be5 h5 24. b3 Re2 25. Bc3 Rxh2 26. a4 g4
27. a5 Be3+ 28. Kb2 g3 29. Be5 h4 30. b4 Re2 31. Bb8 Bd4+ 32. Kb3 g2 33. Bh2
g1=Q 34. Bxg1 Bxg1 35. Rd7 h3 36. Rd3 h2 37. Rh3 Kg7 38. c3 Re6 39. Ka4 Rh6 40.
Rxh2 Rxh2 41. c4 f5 42. b5 Rc2 43. Kb3 Rc1 44. b6 axb6 45. a6 b5 46. cxb5 Ba7
47. Kb2 Rc8 48. Kb3 Rb8 49. Ka4 f4 50. Ka5 f3 51. b6 Bxb6+ 52. Kb5 Ba7+ 53. Kc6
f2 54. Kc7 Rb6 55. Kc8 f1=Q 56. Kc7 Qe1 57. Kd7 Qe6+ 58. Kc7 Rc6+ 59. Kd8 Qe8+
60. Kxe8 {Time forfeit} 1-0